| 000 | 005710000a22001810004500 | ||
|---|---|---|---|
| 003 | MACL | ||
| 005 | 20160525134016.0 | ||
| 008 | 160525b xxu||||| |||| 00| 0 eng d | ||
| 040 |
_aMACL _cMACL |
||
| 041 | _aHindi | ||
| 082 | _a891.432 | ||
| 100 |
_aमित्तल, जितेन्द्र _959028 |
||
| 245 |
_aतीन नाटक _cमित्तल, जितेन्द्र |
||
| 260 |
_aहापुड _bकाव्य प्रकाशन _c2012 |
||
| 350 | _a150 | ||
| 650 |
_aNovel _959446 |
||
| 942 |
_cHIN _k891.432/MIT/D _2ddc |
||
| 999 |
_c47233 _d47233 |
||